Statistiques concernant Les plus grandes villes sur la Seine

Cliquez ici pour prendre le quiz!

Statistiques générales

  • Ce quiz a été pris 130 fois
  • Le résultat moyen est 14 sur 31

Statistiques - réponses

Population (2015)Ville sur la Seine% Correct
2,250,000Paris
100%
111,600Rouen
94%
174,200Le Havre
92%
116,200Boulogne-Billancourt
72%
89,500Nanterre
62%
61,800Neuilly-sur-Seine
59%
107,800Saint-Denis
57%
104,300Argenteuil
51%
58,200Ivry-sur-Seine
51%
60,000Troyes
50%
86,400Vitry-sur-Seine
49%
83,400Asnières-sur-Seine
47%
64,600Levallois-Perret
47%
65,300Issy-les-Moulineaux
45%
52,200Evry
43%
42,700Mantes-la-Jolie
43%
88,500Courbevoie
40%
44,700Puteaux
39%
79,900Rueil-Malmaison
39%
59,500Clichy
37%
41,900Gennevilliers
34%
85,100Colombes
33%
44,200Corbeil-Essonnes
30%
40,700Saint-Germain-en-Laye
28%
47,800Saint-Ouen
28%
46,900Suresnes
28%
51,400Sartrouville
27%
54,500Epinay-sur-Seine
26%
41,400Choisy-le-Roi
22%
44,600Alfortville
18%
45,000Meudon
18%

Distribution des résultats

Percentile par nombre de réponses

% des personnes avec chaque résultat

Votre développement - résultats

Vous n’avez pas pris ce quiz